[Event "Abakan Sayany op"]
[Site "Abakan"]
[Date "2013.08.07"]
[Round "6"]
[White "Piskunov, Alexandr"]
[Black "Mokhov, Vladimir"]
[Result "1/2-1/2"]
[WhiteElo "2308"]
[BlackElo "2318"]
[PlyCount "115"]
[EventDate "2013.08.02"]
[EventType "swiss"]
[EventRounds "9"]
[EventCountry "RUS"]
[SourceTitle "CBM 155 Extra"]
[Source "ChessBase"]
[SourceDate "2013.08.26"]
[SourceVersion "1"]
[SourceVersionDate "2013.08.26"]
[SourceQuality "1"]

1. c4 c6 2. Nc3 d5 3. d3 dxc4 4. dxc4 Qxd1+ 5. Nxd1 e5 6. g3 Be6 7. b3 Bb4+ 8. Bd2 Bxd2+ 9. Kxd2 Na6 10. Bg2 0-0-0+ 11. Kc3 Nf6 12. Nh3 h6 13. f3 Nc5 14. Nb2 a5 15. Nf2 Kc7 16. a3 a4 17. b4 Nb3 18. Rad1 b5 19. Rxd8 Rxd8 20. Rd1 Bxc4 21. Nxc4 Rxd1 22. Nxd1 Nd5+ 23. Kb2 bxc4 24. e4 Nb6 25. Bf1 Nd4 26. f4 exf4 27. gxf4 Nb5 28. Nc3 g5 29. fxg5 hxg5 30. e5 Nd5 31. Nxa4 c3+ 32. Ka2 c2 33. Kb2 Nxa3 34. Nc5 Nxb4 35. Nb3 Nb5 36. Bc4 Nd5 37. Bd3 Ne3 38. h3 Kd7 39. Nc5+ Ke7 40. Ne4 g4 41. hxg4 Nxg4 42. Kxc2 Nd4+ 43. Kc3 Ne6 44. Bf1 Nxe5 45. Bh3 Nd7 46. Bg2 Nf4 47. Bh1 Nd5+ 48. Kd4 Nc7 49. Kc4 Nb5 50. Kb4 Nd6 51. Nc5 Ne5 52. Kc3 Nf5 53. Ne4 Nd7 54. Ng5 f6 55. Ne4 c5 56. Kc4 Ne3+ 57. Kd3 Ng4 58. Kc4 1/2-1/2

[Event "Abakan Sayany op"]
[Site "Abakan"]
[Date "2013.08.03"]
[Round "2"]
[White "Malezkey, Vladimir"]
[Black "Mokhov, Vladimir"]
[Result "0-1"]
[WhiteElo "2114"]
[BlackElo "2318"]
[PlyCount "108"]
[EventDate "2013.08.02"]
[EventType "swiss"]
[EventRounds "9"]
[EventCountry "RUS"]
[SourceTitle "CBM 155 Extra"]
[Source "ChessBase"]
[SourceDate "2013.08.26"]
[SourceVersion "1"]
[SourceVersionDate "2013.08.26"]
[SourceQuality "1"]

1. d4 d5 2. Nf3 c6 3. e3 g6 4. c4 Nf6 5. Nc3 Bg7 6. cxd5 Nxd5 7. Bd3 0-0 8. 0-0 c5 9. Be4 Nf6 10. Bc2 Bg4 11. h3 cxd4 12. exd4 Bxf3 13. Qxf3 Nc6 14. Be3 Nxd4 15. Bxd4 Qxd4 16. Bb3 Qb4 17. Rfe1 e6 18. Ne4 Nxe4 19. Rxe4 Qb6 20. Rae1 Bxb2 21. h4 Qb5 22. g4 Kg7 23. R1e2 Ba1 24. Re1 Bf6 25. g5 Be7 26. Qc3+ Kg8 27. Qc7 Bd8 28. Qg3 h6 29. gxh6 Kh7 30. Re5 Qc6 31. Qg4 Bf6 32. R5e4 Kxh6 33. Rc4 Qd6 34. Rd1 Qe5 35. Rd7 b5 36. Rcc7 Qf5 37. Bxe6 Qxg4+ 38. Bxg4 Bxh4 39. Bf3 Rac8 40. Rxf7 Rxc7 41. Rxf8 Rc2 42. Bd5 Be7 43. Rf7 Bc5 44. Kg2 Rd2 45. Be6 Kg5 46. Rf3 a5 47. Bf7 a4 48. Be8 Rxa2 49. Bxb5 a3 50. Rg3+ Kf4 51. Rf3+ Ke5 52. Be8 Rxf2+ 53. Rxf2 Bxf2 54. Bf7 Bc5 0-1

[Event "Sibiria Region-ch"]
[Site "Barnaul"]
[Date "2011.05.27"]
[Round "8"]
[White "Nevostrujev, Vladimir"]
[Black "Mokhov, Vladimir"]
[Result "1/2-1/2"]
[WhiteElo "2474"]
[BlackElo "2287"]
[PlyCount "74"]
[EventDate "2011.05.20"]
[EventType "swiss"]
[EventRounds "9"]
[EventCountry "RUS"]
[SourceTitle "EXT 2012"]
[Source "ChessBase"]
[SourceDate "2011.11.24"]
[SourceVersion "1"]
[SourceVersionDate "2011.11.24"]
[SourceQuality "1"]

1. e4 c6 2. d4 d5 3. Nc3 dxe4 4. Nxe4 Bf5 5. Ng3 Bg6 6. h4 h6 7. Nf3 Nd7 8. h5 Bh7 9. Bd3 Bxd3 10. Qxd3 e6 11. Bd2 Ngf6 12. 0-0-0 Be7 13. Ne4 Nxe4 14. Qxe4 Nf6 15. Qe2 Qd5 16. c4 Qe4 17. Qxe4 Nxe4 18. Be3 f5 19. d5 cxd5 20. cxd5 f4 21. Bd4 exd5 22. Bxg7 Rg8 23. Bd4 Rxg2 24. Rdg1 Rxg1+ 25. Rxg1 Ng5 26. Nxg5 Bxg5 27. Kd2 Kf7 28. Kd3 Rc8 29. Bxa7 Ra8 30. Bd4 Rxa2 31. Rc1 Ke6 32. Rc7 Ra1 33. Rxb7 Rd1+ 34. Kc3 Kf5 35. Rb6 Rc1+ 36. Kd3 Rd1+ 37. Kc3 Rc1+ 1/2-1/2

[Event "Sibiria Region-ch"]
[Site "Barnaul"]
[Date "2011.05.22"]
[Round "3"]
[White "Dashiev, Kim"]
[Black "Mokhov, Vladimir"]
[Result "1-0"]
[WhiteElo "2115"]
[BlackElo "2287"]
[PlyCount "103"]
[EventDate "2011.05.20"]
[EventType "swiss"]
[EventRounds "9"]
[EventCountry "RUS"]
[SourceTitle "EXT 2012"]
[Source "ChessBase"]
[SourceDate "2011.11.24"]
[SourceVersion "1"]
[SourceVersionDate "2011.11.24"]
[SourceQuality "1"]

1. Nf3 d5 2. c4 c6 3. e3 Nf6 4. Nc3 e6 5. Qc2 Bd6 6. d4 Nbd7 7. Be2 0-0 8. 0-0 dxc4 9. Bxc4 b5 10. Bd3 Bb7 11. Ne4 Nxe4 12. Bxe4 f5 13. Bd3 c5 14. Be2 a6 15. dxc5 Nxc5 16. Rd1 Qe7 17. b3 Be4 18. Qc3 Rac8 19. Bb2 Nb7 20. Qe1 e5 21. Rac1 Bc2 22. Rd5 Qe6 23. Rxe5 Bxe5 24. Nxe5 Be4 25. f3 Rxc1 26. Qxc1 Rc8 27. Qd1 Rc2 28. Bd4 Qc8 29. Kf2 Rc1 30. Qd2 Qc2 31. Qb4 Nc5 32. Qa5 h6 33. Qd8+ Kh7 34. Qe7 Qd2 35. Kg3 f4+ 36. Kxf4 Ne6+ 37. Qxe6 Qxe2 38. Kxe4 Qxg2 39. Qf5+ Kg8 40. Qf7+ Kh7 41. Ng4 Qc2+ 42. Kf4 Qc7+ 43. Qxc7 Rxc7 44. h4 Rc2 45. e4 Rxa2 46. e5 Kg6 47. e6 Re2 48. h5+ Kxh5 49. Ne5 Rc2 50. Kf5 Rc7 51. Ng6 a5 52. Nf4+ 1-0

[Event "Abaza op"]
[Site "Abaza"]
[Date "2009.07.18"]
[Round "2"]
[White "Mokhov, Vladimir"]
[Black "Katanova, Marina"]
[Result "1-0"]
[WhiteElo "2197"]
[BlackElo "1896"]
[PlyCount "97"]
[EventDate "2009.07.17"]
[EventType "swiss"]
[EventRounds "9"]
[EventCountry "RUS"]
[SourceTitle "EXT 2012"]
[Source "ChessBase"]
[SourceDate "2011.11.24"]
[SourceVersion "1"]
[SourceVersionDate "2011.11.24"]
[SourceQuality "1"]

1. e4 e5 2. Nf3 Nc6 3. Bb5 a6 4. Ba4 Be7 5. 0-0 Nf6 6. Re1 b5 7. Bb3 0-0 8. c3 d6 9. h3 Be6 10. d4 Bxb3 11. Qxb3 Qd7 12. d5 Na5 13. Qb4 Nc4 14. a4 c6 15. dxc6 Qxc6 16. b3 Nb6 17. axb5 axb5 18. Rxa8 Rxa8 19. Nxe5 Qc5 20. Nd3 Qxb4 21. Nxb4 Rc8 22. Bb2 d5 23. Nxd5 Nfxd5 24. exd5 Nxd5 25. Re5 Rd8 26. c4 bxc4 27. bxc4 Rb8 28. cxd5 Rxb2 29. Nc3 Kf8 30. Re2 Rxe2 31. Nxe2 Bc5 32. Nc3 Ke7 33. Ne4 Bd6 34. g4 g6 35. g5 Be5 36. Kf1 f5 37. gxf6+ Bxf6 38. Ke2 Be5 39. Kd3 Kd7 40. Kc4 h5 41. Kc5 h4 42. d6 Bxd6+ 43. Nxd6 Ke6 44. f4 Ke7 45. Kd5 Kf6 46. Ke4 Ke6 47. Nc4 Kf6 48. Ne5 Kg7 49. Kf3 1-0

[Event "SibFR-ch U16"]
[Site "Tomsk"]
[Date "2008.11.08"]
[Round "8"]
[White "Tilicheev, Viacheslav"]
[Black "Mokhov, Vladimir"]
[Result "1/2-1/2"]
[WhiteElo "2234"]
[BlackElo "2209"]
[PlyCount "50"]
[EventDate "2008.11.01"]
[EventType "swiss"]
[EventRounds "9"]
[EventCountry "RUS"]
[SourceTitle "EXT 2022"]
[Source "ChessBase"]
[SourceDate "2021.10.06"]
[SourceVersion "1"]
[SourceVersionDate "2021.10.06"]
[SourceQuality "1"]

1. d4 d5 2. c4 c6 3. Nf3 Nf6 4. e3 Bf5 5. Bd3 Bxd3 6. Qxd3 e6 7. 0-0 Nbd7 8. Nbd2 Be7 9. b3 0-0 10. Bb2 a5 11. e4 dxe4 12. Nxe4 Nxe4 13. Qxe4 a4 14. Rad1 axb3 15. axb3 Ra2 16. Bc3 Nf6 17. Qb1 Ra3 18. Qc2 Qb6 19. Nd2 Rfa8 20. Ra1 Bb4 21. Rxa3 Rxa3 22. c5 Qb5 23. Ne4 Ra7 24. Nd6 Qa5 25. Nc4 Qb5 1/2-1/2

[Event "SibFR-ch U16"]
[Site "Tomsk"]
[Date "2008.11.04"]
[Round "4"]
[White "Mokhov, Vladimir"]
[Black "Obogoev, Boris"]
[Result "1/2-1/2"]
[WhiteElo "2209"]
[BlackElo "1898"]
[PlyCount "92"]
[EventDate "2008.11.01"]
[EventType "swiss"]
[EventRounds "9"]
[EventCountry "RUS"]
[SourceTitle "EXT 2022"]
[Source "ChessBase"]
[SourceDate "2021.10.06"]
[SourceVersion "1"]
[SourceVersionDate "2021.10.06"]
[SourceQuality "1"]

1. Nf3 Nf6 2. c4 e6 3. Nc3 d5 4. d4 dxc4 5. e3 c5 6. Bxc4 a6 7. a4 Nc6 8. 0-0 Be7 9. Qe2 cxd4 10. exd4 Nxd4 11. Nxd4 Qxd4 12. Rd1 Qg4 13. f3 Qh5 14. Bf4 0-0 15. Qe5 Qxe5 16. Bxe5 Ne8 17. Rac1 Kh8 18. Ne4 f6 19. Bg3 e5 20. Bd5 f5 21. Nc3 Bg5 22. Rc2 Be3+ 23. Kh1 f4 24. Bh4 Bf5 25. Ne4 Nd6 26. h3 Nxe4 27. fxe4 Bg6 28. Bxb7 Rab8 29. Bd5 Bh5 30. Re1 Bd4 31. b3 h6 32. Be7 Rfc8 33. Rec1 Rxc2 34. Rxc2 Bd1 35. Rc1 Be2 36. Bd6 Rd8 37. Bc7 Rf8 38. Bd6 Rd8 39. Be7 Re8 40. Rc7 f3 41. gxf3 Bxf3+ 42. Kh2 Rb8 43. b4 Bd1 44. a5 Be2 45. Bd6 Rd8 46. Be7 Rb8 1/2-1/2

[Event "EU-ch U14 18th"]
[Site "Herceg Novi"]
[Date "2008.09.15"]
[Round "1"]
[White "Mokhov, Vladimir"]
[Black "Jovancevic, Jovan"]
[Result "1/2-1/2"]
[WhiteElo "2201"]
[BlackElo "1951"]
[PlyCount "85"]
[EventDate "2008.09.15"]
[EventType "swiss"]
[EventRounds "9"]
[EventCountry "MNE"]
[SourceTitle "CBM 126 Extra"]
[Source "ChessBase"]
[SourceDate "2008.11.05"]
[SourceVersion "1"]
[SourceVersionDate "2008.11.05"]
[SourceQuality "1"]

1. e4 c5 2. Nc3 d6 3. f4 e6 4. Nf3 Nf6 5. g3 Be7 6. Bg2 Nc6 7. 0-0 0-0 8. d3 Rb8 9. h3 b5 10. Be3 Bd7 11. g4 b4 12. Ne2 Qc7 13. Qc1 c4 14. f5 cxd3 15. cxd3 b3 16. Nfd4 Nb4 17. Nxb3 Nxd3 18. Qd2 Bb5 19. Ned4 Nc5 20. Nxb5 Rxb5 21. Qc3 Rc8 22. Nxc5 dxc5 23. g5 Nh5 24. Rf2 exf5 25. exf5 Bd6 26. Bf1 Rbb8 27. g6 Rxb2 28. gxf7+ Kf8 29. Qxb2 Be5 30. Qe2 Bxa1 31. Bg2 Qxf7 32. Qg4 Nf6 33. Qg3 Bd4 34. Bxd4 cxd4 35. Qd6+ Qe7 36. Qxd4 Qc5 37. Qa4 a5 38. Bf3 Qxf5 39. Bg4 Qb1+ 40. Kg2 Qb7+ 41. Bf3 Qc7 42. Re2 Qc5 43. Qf4 1/2-1/2

[Event "Abaza op"]
[Site "Abaza"]
[Date "2008.07.20"]
[Round "1"]
[White "Golovina, Darya"]
[Black "Mokhov, Vladimir"]
[Result "0-1"]
[WhiteElo "1755"]
[BlackElo "2201"]
[PlyCount "64"]
[EventDate "2008.07.20"]
[EventType "swiss"]
[EventRounds "9"]
[EventCountry "RUS"]
[SourceTitle "EXT 2022"]
[Source "ChessBase"]
[SourceDate "2021.10.06"]
[SourceVersion "1"]
[SourceVersionDate "2021.10.06"]
[SourceQuality "1"]

1. e4 e5 2. Nc3 Nf6 3. Bc4 Bc5 4. d3 Nc6 5. f4 d6 6. Nf3 Bg4 7. Bb5 Bd7 8. Bxc6 Bxc6 9. fxe5 dxe5 10. Bg5 h6 11. Bh4 Qd6 12. Bg3 Nd7 13. d4 Bxd4 14. Nxd4 Qxd4 15. Qxd4 exd4 16. Nd5 Bxd5 17. exd5 0-0-0 18. 0-0-0 Nb6 19. d6 cxd6 20. Rxd4 d5 21. Rf1 f6 22. Rf5 Rhe8 23. c4 Nxc4 24. Rfxd5 Rxd5 25. Rxd5 Ne5 26. Rc5+ Kd7 27. Kd2 Rc8 28. Rb5 Kc6 29. Rb3 Rd8+ 30. Ke2 Rd5 31. Ke3 Nc4+ 32. Kf3 Nd2+ 0-1

[Event "Abaza op"]
[Site "Abaza"]
[Date "2008.07.20"]
[Round "8"]
[White "Mokhov, Vladimir"]
[Black "Sergeev, Albert"]
[Result "0-1"]
[WhiteElo "2201"]
[BlackElo "2379"]
[PlyCount "42"]
[EventDate "2008.07.20"]
[EventType "swiss"]
[EventRounds "9"]
[EventCountry "RUS"]
[SourceTitle "EXT 2022"]
[Source "ChessBase"]
[SourceDate "2021.10.06"]
[SourceVersion "1"]
[SourceVersionDate "2021.10.06"]
[SourceQuality "1"]

1. e4 c5 2. Nf3 Nc6 3. Bb5 g6 4. Bxc6 bxc6 5. 0-0 Bg7 6. Nc3 d6 7. Qe2 e5 8. d3 Ne7 9. Ne1 Rb8 10. Nd1 f5 11. exf5 Nxf5 12. c3 0-0 13. Ne3 Ba6 14. Nxf5 gxf5 15. c4 e4 16. Qc2 d5 17. Qa4 Qc8 18. Bf4 Rxb2 19. Rc1 dxc4 20. dxc4 Rb4 21. Qa5 Rxc4 0-1

[Event "Abaza op"]
[Site "Abaza"]
[Date "2008.07.20"]
[Round "7"]
[White "Shoev, Kirill"]
[Black "Mokhov, Vladimir"]
[Result "0-1"]
[WhiteElo "2216"]
[BlackElo "2201"]
[PlyCount "40"]
[EventDate "2008.07.20"]
[EventType "swiss"]
[EventRounds "9"]
[EventCountry "RUS"]
[SourceTitle "EXT 2022"]
[Source "ChessBase"]
[SourceDate "2021.10.06"]
[SourceVersion "1"]
[SourceVersionDate "2021.10.06"]
[SourceQuality "1"]

1. d4 d5 2. c4 c6 3. Nc3 Nf6 4. Nf3 e6 5. cxd5 cxd5 6. Bf4 Bd6 7. e3 0-0 8. Bd3 Nc6 9. 0-0 Bxf4 10. exf4 Qd6 11. g3 Bd7 12. a3 Rfc8 13. Rc1 Na5 14. Ne5 Nc4 15. b3 Nxa3 16. g4 Be8 17. g5 Ne4 18. Nxe4 dxe4 19. Bxe4 Nb5 20. Qh5 f5 0-1

[Event "Izmailov Memorial op-D 12th"]
[Site "Tomsk"]
[Date "2008.07.09"]
[Round "6"]
[White "Moskalenko, Viktor1"]
[Black "Mokhov, Vladimir"]
[Result "0-1"]
[WhiteElo "2569"]
[BlackElo "2201"]
[PlyCount "100"]
[EventDate "2008.07.04"]
[EventType "swiss"]
[EventRounds "9"]
[EventCountry "RUS"]
[SourceTitle "EXT 2022"]
[Source "ChessBase"]
[SourceDate "2021.10.06"]
[SourceVersion "1"]
[SourceVersionDate "2021.10.06"]
[SourceQuality "1"]

1. d4 Nf6 2. Nc3 c5 3. d5 e5 4. e4 d6 5. Be2 Be7 6. Nf3 0-0 7. 0-0 a6 8. a4 Nbd7 9. a5 Ne8 10. Bd3 b5 11. axb6 Nxb6 12. Nd2 Bg5 13. Nc4 Bxc1 14. Qxc1 Nxc4 15. Bxc4 f5 16. f4 exf4 17. Qxf4 Rb8 18. b3 Qf6 19. Qd2 f4 20. Bxa6 Bg4 21. Be2 Bxe2 22. Nxe2 g5 23. Qc3 Qe7 24. Qd3 Nf6 25. h3 Qxe4 26. Qxe4 Nxe4 27. Ra7 Ra8 28. Rfa1 Rxa7 29. Rxa7 f3 30. gxf3 Rxf3 31. Re7 Re3 32. Nc3 Rg3+ 33. Kh2 Rxc3 34. Rxe4 Rxc2+ 35. Kg3 Rd2 36. b4 cxb4 37. Rxb4 Rxd5 38. Rb7 Rd4 39. Rd7 h6 40. Kf3 Rf4+ 41. Kg3 Rf6 42. h4 gxh4+ 43. Kxh4 Kf8 44. Kh5 Ke8 45. Ra7 d5 46. Ra8+ Kd7 47. Ra7+ Ke6 48. Ra1 d4 49. Ra6+ Ke5 50. Ra5+ Ke4 0-1

[Event "Izmailov Memorial op-D 12th"]
[Site "Tomsk"]
[Date "2008.07.05"]
[Round "2"]
[White "Mikhalchenko, Petr"]
[Black "Mokhov, Vladimir"]
[Result "1-0"]
[WhiteElo "2324"]
[BlackElo "2201"]
[PlyCount "87"]
[EventDate "2008.07.04"]
[EventType "swiss"]
[EventRounds "9"]
[EventCountry "RUS"]
[SourceTitle "EXT 2022"]
[Source "ChessBase"]
[SourceDate "2021.10.06"]
[SourceVersion "1"]
[SourceVersionDate "2021.10.06"]
[SourceQuality "1"]

1. d4 Nf6 2. Nf3 g6 3. g3 Bg7 4. Bg2 d5 5. 0-0 0-0 6. c4 c6 7. Qb3 dxc4 8. Qxc4 Nbd7 9. Nc3 Nb6 10. Qd3 Be6 11. Rd1 Qc8 12. e4 Bh3 13. a4 Bxg2 14. Kxg2 a6 15. a5 Nbd7 16. Na4 Qd8 17. Bd2 Ne8 18. Bc3 Nc7 19. d5 cxd5 20. exd5 Nb5 21. Bxg7 Kxg7 22. b4 Rc8 23. Nd4 Nd6 24. Nb3 Rc4 25. Nbc5 Nf6 26. Nxb7 Qc7 27. Nbc5 Rxb4 28. Nxa6 Qxa5 29. Nc3 Qb6 30. Nxb4 Qxb4 31. Qd4 Qxd4 32. Rxd4 Rc8 33. Rd3 Rc7 34. Ra6 Nd7 35. Rc6 Rb7 36. Re3 Nf5 37. Re1 Nf6 38. h3 h5 39. Rc5 Rd7 40. Ra1 Nd6 41. Rd1 Nb5 42. Nxb5 Ne4 43. Rc7 Rxc7 44. Nxc7 1-0